000 00414nam a22001457a 4500
005 20250530115918.0
008 171228b xxu||||| |||| 00| 0 eng d
040 _cPK-LaUMT
082 _aPKAC 297.07
_bASH-I
100 _aAshraf Ali Thanavi ,Muhammad
_96029
245 _aIslahi nisab(urdu)/
_cMuhammad Ashraf Ali Thanavi
260 _aکراچی:
_bدارلاشاعت،
_c1990
300 _a574 ص
942 _cBK
999 _c101167
_d101167